Selected plays / (Record no. 34861)

MARC details
000 -LEADER
fixed length control field 01239nam a22002537a 4500
005 - DATE AND TIME OF LATEST TRANSACTION
control field 20100326105032.0
008 - FIXED-LENGTH DATA ELEMENTS--GENERAL INFORMATION
fixed length control field 080904s2008 pk 000 0 eng
010 ## - LCCN (DPL NO)
LC control number B-361794
020 ## - INTERNATIONAL STANDARD BOOK NUMBER
International Standard Book Number 9780195474770
Terms of availability 495.00
035 ## - SYSTEM CONTROL NUMBER
System control number B-361794
037 ## - SOURCE OF ACQUISITION
Source of stock number/acquisition Uppal Book Store
040 ## - CATALOGING SOURCE
Original cataloging agency dpl
Language of cataloging English
100 ## - MAIN ENTRY--PERSONAL NAME
Personal name Nadeēm, Shāhid
240 ## - UNIFORM TITLE
Uniform title <a href="Plays.">Plays.</a>
245 ## - TITLE STATEMENT
Title Selected plays /
Statement of responsibility, etc by Shahid Nadeem ; translators, Tahira Naqvi ... [et al.] ; introduction, Shaista Sonnu Sirajuddin.
260 ## - PUBLICATION, DISTRIBUTION, ETC. (IMPRINT)
Place of publication, distribution, etc New Delhi
Name of publisher, distributor, etc Oxford University Press,
Date of publication, distribution, etc 2008.
270 ## - ADDRESS
Address YMCA Library Building, Jai Singh Road,
City New Delhi
Postal code 110001
300 ## - PHYSICAL DESCRIPTION
Extent xxxii, 329 p. :
Other physical details b&w photos
Dimensions 23 cm(Hb)
505 ## - FORMATTED CONTENTS NOTE
Formatted contents note Tesri dastak, The third knock -- Barri, Acquittal -- Aik thee nani, A granny for all seasons -- Kala meda bhes, Black is my robe -- Dukhini, Woman of sorrow -- Bulha -- Burqavaganza.
700 ## - ADDED ENTRY--PERSONAL NAME
Personal name Tahira Naqvi
942 ## - ADDED ENTRY ELEMENTS (KOHA)
Source of classification or shelving scheme Dewey Decimal Classification
Item type English Books
Call number suffix NAD
Holdings
Withdrawn status Lost status Source of classification or shelving scheme Damaged status Not for loan Home library Current library Date acquired Source of acquisition Cost, normal purchase price Total Checkouts Full call number Barcode Date last seen Copy number Cost, replacement price Koha item type
    Dewey Decimal Classification     Central Library Central Library 26/03/2010 Uppal Book Store/UBS 9017/30.10.09/128/16.10.09/30.10.09 495.00 4 NAD B-361794 22/08/2025 1 495.00 English Books

© Delhi Public Library
Hit Counter
free hit counter